Герценовские чтения. 20 (Запись № 8480519)

Подробности
000 -МАРКЕР
контрольное поле 01444dam2a22002531 4500
001 - ИДЕНТИФИКАТОР ЗАПИСИ
контрольное поле rc\4099547
005 - ИДЕНТИФИКАТОР ВЕРСИИ
контрольное поле 20250611000300.0
035 ## - ДРУГИЕ СИСТЕМНЫЕ НОМЕРА
Идентификатор записи (NLR Aleph) 007974488
100 ## - ДАННЫЕ ОБЩЕЙ ОБРАБОТКИ
Данные общей обработки 20130415d1967 |||y0rusy50 ca
101 0# - ЯЗЫК РЕСУРСА
Язык текста, звукозаписи и т.д. русский
102 ## - СТРАНА ПУБЛИКАЦИИ ИЛИ ПРОИЗВОДСТВА
Страна публикации Российская Федерация
105 ## - ПОЛЕ КОДИРОВАННЫХ ДАННЫХ: ТЕКСТОВЫЕ МАТЕРИАЛЫ, МОНОГРАФИЧЕСКИЕ
Кодированные данные о монографическом текстовом документе y z |||||
200 0# - ЗАГЛАВИЕ И СВЕДЕНИЯ ОБ ОТВЕТСТВЕННОСТИ
Основное заглавие 20
210 ## - ПУБЛИКАЦИЯ, РАСПРОСТРАНЕНИЕ И ДР.
Дата издания, распространения и т.д. 1967
Место издания, распространения и т.д. Б. м.
300 ## - ОБЩИЕ ПРИМЕЧАНИЯ
Текст примечания С 1968 г. изд. хранится в журн. фонде, см. каталог периодических изд. Шифр: П1/387
300 ## - ОБЩИЕ ПРИМЕЧАНИЯ
Текст примечания Вышло в след. вып.: [5] География и геология; [1] Исторические науки; [2] Математика; [4] Физика; [3] Филологические науки; [6] Философия
461 #0 - УРОВЕНЬ НАБОРА
Встроенное поле 001rc\4099542
-- 2001#$aГерценовские чтения$eМатериалы межвузовской конференции$fЛенингр. ордена Труд. Красного Знамени гос. пед. ин-т им. А.И. Герцена$v20
Системный номер (АБИС) связанной записи 8480489
Место публикации Ленинград
Дата публикации 1954-1978
Первые сведения об ответственности Ленингр. ордена Труд. Красного Знамени гос. пед. ин-т им. А.И. Герцена
Имя издателя, распространителя и т.д. Б. и.
Сведения, относящиеся к заглавию Материалы межвузовской конференции
Заглавие Герценовские чтения
Номер тома 20
801 #0 - ИСТОЧНИК ЗАПИСИ
Страна Российская Федерация
Организация NLR
Правила каталогизации psbo
801 #1 - ИСТОЧНИК ЗАПИСИ
Страна Российская Федерация
Организация ELAR
Источник данных rusmarc
852 ## - МЕСТОНАХОЖДЕНИЕ И ШИФР ХРАНЕНИЯ
Идентификатор организации NLR
Шифр хранения (Call Number) 67-3/2904
942 ## - ДОПОЛНИТЕЛЬНЫЕ ЭЛЕМЕНТЫ ЗАПИСИ (АБИС)
Тип экземпляра АБИС Книга
980 ## - КОЛЛЕКЦИЯ
Название коллекции Национальная библиография

Нет доступных экземпляров.